000 00814nam a22002417a 4500
003 CBULib
005 20230809093528.0
008 230509b |||||||| |||| 00| 0 eng d
020 _a9780300231922
040 _cCBULib
_dCBULib
_bEnglish
_erda
050 _aQB 651 Elv
100 1 _aElvis, Martin
_9417
245 _aAsteroids : how love, fear, and greed will determine our future in space
_c/ by Martin Elvis
260 _bYale University Press,
_c2021
_aLondon :
300 _axii, 295 pages : illustrations
336 _2rdacontent
_aText |
_btxt
337 _2rdamedia
_bn
_aUnmediated |
338 _2rdacarrier
_aVolume
_bnc
504 _aIncludes bibliographical notes and index.
650 0 _2Library of Congress
_aASTEROIDS
_9418
650 0 _2Library of Congress
_aSPACE MINING
_9419
942 _c002
_2lcc
999 _c77743
_d77743